000 00947nam a2200373 c 4500
001 5674808
003 DO-SdBNP
005 20180223090008.0
007 5674808
008 150810s 1979 sp | |||| 000 0dspa
015 _a
017 _a
_b
020 _a8471121212
035 _a
040 _aBPMSU
_bspa
_cBPMSU
_e
041 1 _aspa
_h
080 _a
100 1 _aSchaffer, Rudolph.
_4
240 1 0 _aMothering.
_lEspañol
245 1 0 _aSer madre /
_c Rudolph Schaffer ; versión española de Alfredo Guera Miralles.
_b
260 _aMadrid :
_bEdiciones Morata,
_c 1978.
300 _a192 p. ;
_c19 cm
336 _a
_2
337 _a
_2
490 1 _aPsicología
490 1 _aBruner
_v1
650 7 _a
_2
700 _aGuerra Miralles, Alfredo ,
830 0 _aPsicología
830 0 _aBruner
_v1
942 _2ddc
_cBK
945 _aInventariado, 2018 /LP
956 _aVMATEO
_210
_320160425
_6BPMSU
_80069
999 _c9916
_d9916